<?xml version="1.0" encoding="UTF-8"?>
<record
    xmlns:xsi="http://www.w3.org/2001/XMLSchema-instance"
    xsi:schemaLocation="http://www.loc.gov/MARC21/slim http://www.loc.gov/standards/marcxml/schema/MARC21slim.xsd"
    xmlns="http://www.loc.gov/MARC21/slim">

  <leader>01905nam a2200289 a 4500</leader>
  <controlfield tag="003">DO-SdBNP</controlfield>
  <controlfield tag="005">20250425144237.0</controlfield>
  <controlfield tag="007">ta</controlfield>
  <controlfield tag="008">221007e20042009dr ab||crgl|| 001 0 spa d</controlfield>
  <datafield tag="020" ind1=" " ind2=" ">
    <subfield code="a">9789945883213</subfield>
  </datafield>
  <datafield tag="040" ind1=" " ind2=" ">
    <subfield code="a">DO-SdBNP</subfield>
    <subfield code="b">spa</subfield>
    <subfield code="c">BNPHU</subfield>
  </datafield>
  <datafield tag="082" ind1=" " ind2="4">
    <subfield code="2">22</subfield>
    <subfield code="b">R426j</subfield>
  </datafield>
  <datafield tag="110" ind1=" " ind2=" ">
    <subfield code="a">Rep&#xFA;blica Dominicana</subfield>
    <subfield code="b">Poder Judicial</subfield>
    <subfield code="9">15992</subfield>
  </datafield>
  <datafield tag="245" ind1="1" ind2="0">
    <subfield code="a">Justicia y comunidad :</subfield>
    <subfield code="b">&#xBF;qu&#xE9; es el Poder Judicial de Rep&#xFA;blica Dominicana /</subfield>
    <subfield code="c">Ideas y producci&#xF3;n, Ignacio P. Camacho.</subfield>
  </datafield>
  <datafield tag="250" ind1=" " ind2=" ">
    <subfield code="a">Reimp. 2009</subfield>
  </datafield>
  <datafield tag="260" ind1=" " ind2=" ">
    <subfield code="a">Santo Domingo :</subfield>
    <subfield code="b">Poder Judicial,</subfield>
    <subfield code="c">2004</subfield>
  </datafield>
  <datafield tag="300" ind1=" " ind2=" ">
    <subfield code="a">72 p. :</subfield>
    <subfield code="b">il., ;</subfield>
    <subfield code="c">27 cm.</subfield>
  </datafield>
  <datafield tag="505" ind1=" " ind2=" ">
    <subfield code="t">Mensaje del Honorable Magistrado Presidente de la Suprema Corte de Justicia.--</subfield>
    <subfield code="t">Los tres Poderes que componen el Gobierno de la Naci&#xF3;n.--</subfield>
    <subfield code="t">Divisi&#xF3;n territorial de los tribunales.--</subfield>
    <subfield code="t">Por qu&#xE9; se originan los procesos Judiciales.--</subfield>
    <subfield code="t">S&#xED;mbolos que identifican al Poder Judicial.--</subfield>
    <subfield code="t">Normas y reglas establecidas en el tribunal.--</subfield>
    <subfield code="t">Quienes componen la Sala de Audiencia.--</subfield>
    <subfield code="t">Como se inicia y termina un caso civil.--</subfield>
    <subfield code="t">Como se inicia y termina un proceso penal.--</subfield>
    <subfield code="t">Como se inicia y termina un caso en material de accidente de tr&#xE1;nsito.--</subfield>
    <subfield code="t">El Juez de Ejecuci&#xF3;n de Pena.--</subfield>
    <subfield code="t">Como se inicia y termina un caso laboral.--</subfield>
    <subfield code="t">Como se inicia y termina un un caso en materia inmobiliaria.--</subfield>
    <subfield code="t">Como se inicia y termina un caso contencioso-tributario.--</subfield>
    <subfield code="t">Como se inicia y termina un caso de menores de edad.--</subfield>
    <subfield code="t">Vocabulario de palabras m&#xE1;s usadas en el tribunal.--</subfield>
    <subfield code="t">Algunas recomendaciones a los ciudadanos.</subfield>
  </datafield>
  <datafield tag="590" ind1=" " ind2=" ">
    <subfield code="a">Inventariado 2022 / MF</subfield>
  </datafield>
  <datafield tag="650" ind1=" " ind2="0">
    <subfield code="a">Justicia</subfield>
    <subfield code="x">Suprema Corte de Justicia</subfield>
    <subfield code="z">Rep&#xFA;blica Dominicana</subfield>
    <subfield code="9">46174</subfield>
  </datafield>
  <datafield tag="650" ind1=" " ind2="4">
    <subfield code="9">36035</subfield>
    <subfield code="a">Tribunales</subfield>
    <subfield code="z">Rep&#xFA;blica Dominicana</subfield>
  </datafield>
  <datafield tag="651" ind1=" " ind2="4">
    <subfield code="9">24054</subfield>
    <subfield code="a">Rep&#xFA;blica Dominicana</subfield>
    <subfield code="x">Suprema Corte de Justicia</subfield>
  </datafield>
  <datafield tag="700" ind1="1" ind2=" ">
    <subfield code="9">76424</subfield>
    <subfield code="a">Camacho, Ignacio P</subfield>
  </datafield>
  <datafield tag="710" ind1=" " ind2=" ">
    <subfield code="a">Cromo, Soluciones Gr&#xE1;ficas Corporativas.</subfield>
    <subfield code="e">il.</subfield>
    <subfield code="9">82500</subfield>
  </datafield>
  <datafield tag="910" ind1=" " ind2=" ">
    <subfield code="a">MFeliz</subfield>
  </datafield>
  <datafield tag="942" ind1=" " ind2=" ">
    <subfield code="2">ddc</subfield>
    <subfield code="c">LBS1</subfield>
  </datafield>
  <datafield tag="952" ind1=" " ind2=" ">
    <subfield code="0">0</subfield>
    <subfield code="1">0</subfield>
    <subfield code="2">ddc</subfield>
    <subfield code="5">1</subfield>
    <subfield code="7">0</subfield>
    <subfield code="8">CIJ-PD</subfield>
    <subfield code="a">BNPHU</subfield>
    <subfield code="b">BNPHU</subfield>
    <subfield code="c">CT</subfield>
    <subfield code="d">2015-10-07</subfield>
    <subfield code="e">Donado por Hip&#xF3;lito Carrasco</subfield>
    <subfield code="o">R426j</subfield>
    <subfield code="p">2022-4274</subfield>
    <subfield code="r">2022-10-07</subfield>
    <subfield code="w">2022-10-07</subfield>
    <subfield code="y">LBS1</subfield>
  </datafield>
  <datafield tag="999" ind1=" " ind2=" ">
    <subfield code="c">52533</subfield>
    <subfield code="d">52533</subfield>
  </datafield>
</record>
